000 01390nam a2200361 c 4500
003 BLK
005 20180420220325.0
008 180407b bul|||||r ||||||| ||bul||
010 _aKNG00032354000
020 _a954-649-097-0
_bиздат.: Сиела Софт енд Паблишинг
040 _aBLK
041 _aBUL
_cBUL
080 _aКонституции. Законодателни събрания. Народни събрания
_b342.4
_x
_z342.4
100 1 _aПенев, Пенчо Стоянов
_eпърви автор
_9270449
139 _aПенев, Пенчо Стоянов
_bП 34
245 1 0 _aКонституционно правосъдие
_cПенчо Стоянов Пенев.
257 _aBGR
260 София
_bСиела Софт енд Паблишинг
_c1997
300 _a246 с.
_c23 см
380 _a3
500 _aСъдържа Приложения.
650 4 _aКонституционно право
_9269342
650 4 _aКонституционен съд - България
_9260599
651 4 _aБългария
_9241624
653 _aконституционно право
653 _aКонституционен съд
653 _aБългария
852 _aЦб 195377
856 4 _qpdf
_u
856 4 _qpdf
_u
942 _cKNG
_n0
944 _aCR
_c15.01.2003
_kКети_Илиева
944 _aED
_c01.12.2017
_kВиолета_Тройчева
999 _c29729
_d29729